Silas marner / (Record no. 14470)
[ view plain ]
| 000 -LEADER | |
|---|---|
| fixed length control field | 00533cam a22001812 4500 |
| 001 - CONTROL NUMBER | |
| control field | 0000009425 |
| 005 - DATE AND TIME OF LATEST TRANSACTION | |
| control field | 20151217160119.0 |
| 008 - FIXED-LENGTH DATA ELEMENTS--GENERAL INFORMATION | |
| fixed length control field | 081027s xx 000 0 eng d |
| 020 ## - INTERNATIONAL STANDARD BOOK NUMBER | |
| International Standard Book Number | 0333001745 : |
| Terms of availability | KES 221.25 |
| 040 ## - CATALOGING SOURCE | |
| Original cataloging agency | KABU |
| Transcribing agency | KABU |
| 100 1# - MAIN ENTRY--PERSONAL NAME | |
| Personal name | Eliot, George. |
| -- | 0000160883 |
| 245 10 - TITLE STATEMENT | |
| Title | Silas marner / |
| Statement of responsibility, etc. | George Eliot; retold in simple English by Katherine Lang. |
| 260 ## - PUBLICATION, DISTRIBUTION, ETC. (IMPRINT) | |
| Place of publication, distribution, etc. | London : |
| Name of publisher, distributor, etc. | Macmillan Education, |
| Date of publication, distribution, etc. | 1955. |
| 300 ## - PHYSICAL DESCRIPTION | |
| Extent | 98 p. |
| 908 ## - PUT COMMAND PARAMETER (RLIN) | |
| Put command parameter | 081027 |
| 950 ## - LOCAL HOLDINGS (RLIN) | |
| -- | 1 |
| Withdrawn status | Lost status | Source of classification or shelving scheme | Not for loan | Home library | Current library | Date acquired | Total Checkouts | Full call number | Barcode | Date last seen | Date last checked out | Price effective from | Koha item type |
|---|---|---|---|---|---|---|---|---|---|---|---|---|---|
| Library of Congress Classification | Kabarak, Main Campus | Kabarak, Main Campus | 17/12/2015 | 1 | PZ7 .E45S5 | 15351 | 01/09/2017 | 18/08/2017 | 17/12/2015 | Children Collection |